Statistics for What European City?

Click here to take the quiz!

General Stats

  • This quiz has been taken 85 times
  • The average score is 12 of 15

Answer Stats

What City?Answer% Correct
The city that has the Eiffel TowerParis
97%
Previously Known as ConstantinopleIstanbul
96%
Was once separated by a wallBerlin
93%
2nd Largest city in the UKBirmingham
93%
A city in Spain were a church is still in constructionBarcelona
91%
Capital of PortugalLisbon
91%
Known as ''The Capital of the European Union''Brussels
90%
Largest City (Not including Istanbul)Moscow
87%
Capital of LatviaRiga
86%
Formerly known as LeningradSt Petersburg
86%
The city were the river Tiber flows throughRome
74%
To Polish people it is known as GdanskDanzig
61%
The running of the bulls cityPamplona
61%
Last muslim city in Iberia before the Spanish took itGranada
49%
Is the largest city in the Arctic circleMurmansk
35%

Score Distribution

Percentile by Number Answered

Percent of People with Each Score

Your Score History

You have not taken this quiz